[Event "Karl Mala Memorial op 13th"]
[Site "Frankfurt"]
[Date "2010.07.11"]
[Round "7"]
[White "Bokemaer, David"]
[Black "Varma, Christopher"]
[Result "1-0"]
[WhiteElo "1724"]
[BlackElo "1344"]
[PlyCount "107"]
[EventDate "2010.07.08"]
[EventType "swiss"]
[EventRounds "7"]
[EventCountry "GER"]
[SourceTitle "EXT 2012"]
[Source "ChessBase"]
[SourceDate "2011.11.24"]
[SourceVersion "1"]
[SourceVersionDate "2011.11.24"]
[SourceQuality "1"]

1. e4 e5 2. Nf3 Nc6 3. d4 exd4 4. Nxd4 Qf6 5. c3 Bc5 6. Be3 Bb6 7. Be2 Nge7 8. 0-0 0-0 9. Na3 d5 10. Nxc6 Bxe3 11. Nxe7+ Qxe7 12. fxe3 Qxe4 13. Qd4 f5 14. Rad1 c6 15. c4 Be6 16. cxd5 Bxd5 17. Bf3 Qxd4 18. Rxd4 Bxa2 19. Nc4 Rad8 20. Nd6 c5 21. Rdd1 b6 22. Nxf5 Rxd1 23. Bxd1 g6 24. Ne7+ Kg7 25. Rxf8 Kxf8 26. Nc6 a5 27. Ne5 Ke7 28. b3 Kd6 29. Nc4+ Kc6 30. Kf2 a4 31. Nd2 axb3 32. Bxb3 Bxb3 33. Nxb3 b5 34. Ke2 c4 35. Nd4+ Kc5 36. Kd2 b4 37. Kc2 Kd5 38. h3 Ke4 39. Kd2 b3 40. Ne2 Ke5 41. Nc3 h5 42. h4 g5 43. hxg5 Kf5 44. Nd1 Kxg5 45. Kc3 Kf5 46. Kxc4 Ke4 47. Kxb3 Kd3 48. g3 Ke4 49. Kc2 Kf3 50. Kd2 Kxg3 51. Ke2 h4 52. Nf2 h3 53. Nxh3 Kxh3 54. Kf3 1-0

[Event "Rhein Main op 13th"]
[Site "Bad Homburg"]
[Date "2010.06.06"]
[Round "7"]
[White "Bokemaer, David"]
[Black "Barisch, Florian"]
[Result "1/2-1/2"]
[WhiteElo "1800"]
[BlackElo "1915"]
[PlyCount "37"]
[EventDate "2010.06.02"]
[EventType "swiss"]
[EventRounds "7"]
[EventCountry "GER"]
[SourceTitle "EXT 2011"]
[Source "ChessBase"]
[SourceDate "2010.11.26"]
[SourceVersion "1"]
[SourceVersionDate "2010.11.26"]
[SourceQuality "1"]

1. e4 c5 2. Nf3 Nc6 3. d4 cxd4 4. Nxd4 Nf6 5. Nc3 d6 6. Be3 e6 7. Bc4 Be7 8. 0-0 0-0 9. Bb3 a6 10. a3 Qc7 11. Re1 Nxd4 12. Bxd4 Rd8 13. Qe2 b5 14. Rad1 Bb7 15. Kh1 Rac8 16. f3 Bc6 17. Qf2 Qb7 18. Re2 Rd7 19. Red2 1/2-1/2

[Event "Main Vogelsberg op 5th"]
[Site "Hanau"]
[Date "2010.05.02"]
[Round "6"]
[White "Achelrod, Alexandre"]
[Black "Bokemaer, David"]
[Result "0-1"]
[WhiteElo "1824"]
[BlackElo "1724"]
[PlyCount "90"]
[EventDate "2010.04.28"]
[EventType "swiss"]
[EventRounds "7"]
[EventCountry "GER"]
[SourceTitle "CBM 136 Extra"]
[Source "ChessBase"]
[SourceDate "2010.07.02"]
[SourceVersion "2"]
[SourceVersionDate "2010.07.15"]
[SourceQuality "1"]

1. d4 d5 2. c4 e6 3. Nf3 Nf6 4. Bg5 Nbd7 5. Qc2 c6 6. e3 Be7 7. Nc3 0-0 8. Rc1 Re8 9. a3 h6 10. Bh4 b6 11. cxd5 exd5 12. Bd3 Bb7 13. 0-0 Rc8 14. Qa4 Ra8 15. Bb1 c5 16. Rfe1 c4 17. Qc2 Nf8 18. Ne5 a6 19. f3 b5 20. Na2 a5 21. b4 axb4 22. axb4 Ra4 23. Qb2 Qa8 24. Re2 Ra3 25. Rc3 Ra4 26. Qc2 Qa6 27. g4 Bxb4 28. Nxb4 Rxb4 29. g5 hxg5 30. Bxg5 N6h7 31. Bf4 Re6 32. Bg3 Qa4 33. Qc1 Qa5 34. Rcc2 Ra4 35. Ra2 b4 36. Rxa4 Qxa4 37. Ra2 Qb5 38. Be1 f6 39. Ng4 Ng5 40. Kg2 c3 41. Bf5 Ra6 42. Rc2 b3 43. Bxc3 bxc2 44. Qxc2 Qc4 45. Qb1 Qe2+ 0-1

[Event "Main Vogelsberg op 5th"]
[Site "Hanau"]
[Date "2010.04.29"]
[Round "2"]
[White "Bokemaer, Artur"]
[Black "Bokemaer, David"]
[Result "0-1"]
[WhiteElo "1334"]
[BlackElo "1724"]
[PlyCount "94"]
[EventDate "2010.04.28"]
[EventType "swiss"]
[EventRounds "7"]
[EventCountry "GER"]
[SourceTitle "CBM 136 Extra"]
[Source "ChessBase"]
[SourceDate "2010.07.02"]
[SourceVersion "2"]
[SourceVersionDate "2010.07.15"]
[SourceQuality "1"]

1. d4 d5 2. c4 e6 3. Nf3 Nf6 4. Bg5 dxc4 5. Qa4+ Bd7 6. Qxc4 Be7 7. e3 0-0 8. Be2 Nc6 9. 0-0 a6 10. Nbd2 Nb4 11. Qb3 b5 12. Ne5 Nbd5 13. Rac1 Rc8 14. Ndf3 Be8 15. Nc6 Bxc6 16. Rxc6 Nb4 17. Ne5 Nxc6 18. Nxc6 Qd6 19. Bf3 Nd5 20. Bxe7 Nxe7 21. Rc1 Kh8 22. a4 Nxc6 23. Rxc6 Qe7 24. Rxa6 bxa4 25. Qxa4 h6 26. b4 Rb8 27. b5 Rb6 28. g3 Rfb8 29. Ra8 Qe8 30. Ra7 Rxb5 31. Qc4 Rb1+ 32. Kg2 Qb5 33. Qxb5 R1xb5 34. Rxc7 Kg8 35. Be4 g6 36. Rd7 Rb2 37. d5 exd5 38. Bxd5 Rf8 39. Rd6 Kg7 40. e4 Rbb8 41. f4 h5 42. Kh3 Rbe8 43. Kh4 Rb8 44. f5 gxf5 45. exf5 Rb2 46. h3 Rb4+ 47. Kg5 f6+ 0-1

[Event "Main Vogelsberg op 4th"]
[Site "Heusenstamm"]
[Date "2009.05.02"]
[Round "5"]
[White "Bokemaer, David"]
[Black "Bauer, Hermann"]
[Result "1/2-1/2"]
[WhiteElo "1412"]
[BlackElo "1777"]
[PlyCount "157"]
[EventDate "2009.04.30"]
[EventType "swiss"]
[EventRounds "7"]
[EventCountry "GER"]
[SourceTitle "CBM 130 Extra"]
[Source "ChessBase"]
[SourceDate "2009.07.02"]
[SourceVersion "2"]
[SourceVersionDate "2009.07.15"]
[SourceQuality "1"]

1. e4 c5 2. Nf3 Nc6 3. d4 cxd4 4. Nxd4 Nf6 5. Nc3 e5 6. Nf3 Bb4 7. Bg5 h6 8. Bxf6 Bxc3+ 9. bxc3 Qxf6 10. Bd3 0-0 11. 0-0 d6 12. h3 Rd8 13. Rb1 b6 14. Bc4 Be6 15. Bb5 Rac8 16. a3 Na5 17. Qd2 Bc4 18. Bxc4 Rxc4 19. Qd3 Rdc8 20. Rfd1 R8c6 21. Qd5 R4c5 22. Qa2 Rxc3 23. Rb2 Qe6 24. Qxe6 fxe6 25. Ra2 Nb7 26. Rd2 Kf7 27. Kf1 Kf6 28. Ke2 R6c5 29. Ng1 d5 30. exd5 exd5 31. Kd1 d4 32. Ke1 Nd6 33. Ne2 R3c4 34. f3 Nb5 35. Ng3 Nc3 36. Rb2 Rb5 37. Rb3 Rxb3 38. cxb3 Rc6 39. Rc2 Re6 40. Kf2 e4 41. fxe4 Nxe4+ 42. Nxe4+ Rxe4 43. Rc7 a6 44. Rc6+ Re6 45. Rc4 Rd6 46. Ke2 Ke5 47. Kd3 g6 48. g3 g5 49. Rc8 b5 50. Re8+ Kf5 51. Rf8+ Kg6 52. Rg8+ Kf7 53. Rh8 Ke7 54. Rh7+ Kd8 55. Rh8+ Kc7 56. Rh7+ Kb6 57. b4 Kc6 58. Ra7 Kd5 59. Re7 Re6 60. Rxe6 Kxe6 61. Kxd4 Kf5 62. Kd5 h5 63. Kc6 h4 64. gxh4 gxh4 65. Kb6 Kf4 66. Kxa6 Kg3 67. Kxb5 Kxh3 68. Ka6 Kg2 69. b5 h3 70. b6 h2 71. b7 h1Q 72. b8Q Qf1+ 73. Qb5 Qf6+ 74. Ka7 Qd4+ 75. Qb6 Qa4+ 76. Qa6 Qd4+ 77. Kb8 Qd8+ 78. Ka7 Qd4+ 79. Kb8 1/2-1/2

[Event "Main Vogelsberg op 4th"]
[Site "Heusenstamm"]
[Date "2009.05.02"]
[Round "4"]
[White "Gutacker, Stephan"]
[Black "Bokemaer, David"]
[Result "1-0"]
[WhiteElo "1967"]
[BlackElo "1412"]
[PlyCount "51"]
[EventDate "2009.04.30"]
[EventType "swiss"]
[EventRounds "7"]
[EventCountry "GER"]
[SourceTitle "CBM 130 Extra"]
[Source "ChessBase"]
[SourceDate "2009.07.02"]
[SourceVersion "2"]
[SourceVersionDate "2009.07.15"]
[SourceQuality "1"]

1. e4 c5 2. d4 cxd4 3. c3 dxc3 4. Nxc3 Nc6 5. Nf3 g6 6. Bc4 Bg7 7. 0-0 d6 8. h3 Nf6 9. Qe2 0-0 10. Rd1 Qc7 11. Nb5 Qd8 12. e5 Nd7 13. exd6 Re8 14. Nc7 Nb6 15. Nxe8 Qxe8 16. Bb5 e6 17. Be3 Nd5 18. Bc5 a6 19. Ba4 b6 20. Rxd5 bxc5 21. Rxc5 Bb7 22. Qc2 Rc8 23. Rc1 Bh6 24. Bxc6 Rxc6 25. Rxc6 Bxc1 26. Rc7 1-0

[Event "Main Vogelsberg op 2nd"]
[Site "Grossauheim"]
[Date "2007.06.10"]
[Round "7"]
[White "Haftmann, Rainer"]
[Black "Bokemaer, David"]
[Result "0-1"]
[WhiteElo "1740"]
[BlackElo "1634"]
[PlyCount "58"]
[EventDate "2007.06.07"]
[EventType "swiss"]
[EventRounds "7"]
[EventCountry "GER"]
[SourceTitle "EXT 2008"]
[Source "ChessBase"]
[SourceDate "2007.11.25"]
[SourceVersion "1"]
[SourceVersionDate "2007.11.25"]
[SourceQuality "1"]

1. e4 e5 2. Nf3 Nc6 3. Bb5 a6 4. Ba4 Nf6 5. 0-0 b5 6. Bb3 Bb7 7. d3 Bc5 8. c3 Bb6 9. Bg5 0-0 10. Nbd2 d6 11. h3 Qe7 12. Re1 Rfe8 13. Nf1 b4 14. Ne3 Bxe3 15. Rxe3 a5 16. Bd5 Nd8 17. Bxb7 Nxb7 18. cxb4 axb4 19. Qb3 c5 20. Nh2 Na5 21. Qc2 Qe6 22. Bxf6 Qxf6 23. Rf3 Qe6 24. b3 Nxb3 25. Rd1 Nd4 26. Qd2 Nxf3+ 27. Nxf3 Rxa2 28. Qg5 b3 29. Qh4 b2 0-1

[Event "Main Vogelsberg op 2nd"]
[Site "Grossauheim"]
[Date "2007.06.09"]
[Round "5"]
[White "Genis, Roy"]
[Black "Bokemaer, David"]
[Result "1-0"]
[WhiteElo "1745"]
[BlackElo "1634"]
[PlyCount "97"]
[EventDate "2007.06.07"]
[EventType "swiss"]
[EventRounds "7"]
[EventCountry "GER"]
[SourceTitle "EXT 2008"]
[Source "ChessBase"]
[SourceDate "2007.11.25"]
[SourceVersion "1"]
[SourceVersionDate "2007.11.25"]
[SourceQuality "1"]

1. e4 e5 2. Nf3 Nc6 3. d4 exd4 4. Nxd4 Nf6 5. Nxc6 bxc6 6. e5 Nd5 7. c4 Nb6 8. Nc3 Bc5 9. Ne4 Be7 10. Be2 d5 11. cxd5 cxd5 12. Nc3 0-0 13. 0-0 Bb7 14. Bf3 Rb8 15. Bf4 Re8 16. Re1 Bb4 17. Qb3 Bxc3 18. bxc3 Ba6 19. Qa3 Bc8 20. Rad1 Qe7 21. Qxe7 Rxe7 22. Bxd5 Bf5 23. Bg5 Nxd5 24. Rxd5 f6 25. Bf4 Kf7 26. h3 Rb6 27. g4 Be6 28. Ra5 Rc6 29. exf6 gxf6 30. Re3 a6 31. a3 Bc4 32. Rh5 Rxe3 33. Bxe3 Bd3 34. Bd4 Bg6 35. Rd5 Ke6 36. Rd8 Ke7 37. Rh8 f5 38. f4 Re6 39. Be5 Rc6 40. Rg8 Rc4 41. Rg7+ Kd8 42. Kf2 a5 43. Kg3 Ke8 44. Rxc7 Ra4 45. Bd6 Re4 46. Kf3 Kd8 47. Rc5 fxg4+ 48. hxg4 Ra4 49. Bc7+ 1-0

[Event "GER-ch U10"]
[Site "Willingen"]
[Date "2007.06.01"]
[Round "10"]
[White "Bokemaer, David"]
[Black "Imcke, Patrick"]
[Result "1-0"]
[WhiteElo "1358"]
[BlackElo "1342"]
[PlyCount "27"]
[EventDate "2007.05.26"]
[EventType "swiss"]
[EventRounds "11"]
[EventCountry "GER"]
[SourceTitle "CBM 118 Extra"]
[Source "ChessBase"]
[SourceDate "2007.07.04"]
[SourceVersion "1"]
[SourceVersionDate "2007.07.04"]
[SourceQuality "1"]

1. e4 e6 2. Nf3 d5 3. Nc3 Nf6 4. e5 Nfd7 5. d4 c5 6. dxc5 Bxc5 7. Bd3 0-0 8. Bxh7+ Kxh7 9. Ng5+ Kg8 10. Qh5 Re8 11. Qxf7+ Kh8 12. Qh5+ Kg8 13. Qh7+ Kf8 14. Qh8+ 1-0

[Event "GER-ch U10"]
[Site "Willingen"]
[Date "2007.05.29"]
[Round "6"]
[White "Bokemaer, David"]
[Black "Toews, Manuel"]
[Result "1/2-1/2"]
[WhiteElo "1358"]
[BlackElo "1347"]
[PlyCount "135"]
[EventDate "2007.05.26"]
[EventType "swiss"]
[EventRounds "11"]
[EventCountry "GER"]
[SourceTitle "CBM 118 Extra"]
[Source "ChessBase"]
[SourceDate "2007.07.04"]
[SourceVersion "1"]
[SourceVersionDate "2007.07.04"]
[SourceQuality "1"]

1. e4 e5 2. Nf3 Nf6 3. Nc3 Nc6 4. d4 exd4 5. Nxd4 Nxd4 6. Qxd4 b6 7. e5 Bc5 8. Qh4 Qe7 9. Bd2 Qxe5+ 10. Be2 0-0 11. 0-0-0 Bb7 12. f3 a5 13. Bg5 Be3+ 14. Bxe3 Qxe3+ 15. Kb1 Qc5 16. Rhf1 Qh5 17. Qxh5 Nxh5 18. Rxd7 Rac8 19. Rf2 Bc6 20. Re7 Rfe8 21. Rxe8+ Rxe8 22. f4 Nf6 23. b3 Ne4 24. Nxe4 Bxe4 25. Bc4 Kf8 26. Kb2 f6 27. g3 Bg6 28. Rd2 Bf7 29. Bd3 h6 30. Bb5 Re7 31. f5 Be8 32. Rd8 Kf7 33. Bc4+ Kf8 34. Be6 g5 35. g4 Kg7 36. h3 Bf7 37. Bxf7 Kxf7 38. a4 Re3 39. Rd3 Rxd3 40. cxd3 Ke7 41. Kc3 Kd6 42. Kd4 c5+ 43. Ke4 Kc6 44. d4 cxd4 45. Kxd4 Kd6 46. Kc4 Kc6 47. b4 axb4 48. Kxb4 Kb7 49. Kc4 Kc6 50. Kb4 Kb7 51. Kb5 Kc7 52. a5 bxa5 53. Kxa5 Kd6 54. Kb6 Ke5 55. Kc6 Kf4 56. Kd6 Kg3 57. Ke6 Kxh3 58. Kxf6 Kxg4 59. Ke6 Kh3 60. f6 g4 61. f7 h5 62. f8Q h4 63. Ke5 g3 64. Qf1+ g2 65. Qg1 Kg3 66. Qe1+ Kh3 67. Kf4 g1Q 68. Qxg1 1/2-1/2

[Event "GER-ch U10"]
[Site "Willingen"]
[Date "2007.05.26"]
[Round "1"]
[White "Peters, Tom"]
[Black "Bokemaer, David"]
[Result "0-1"]
[WhiteElo "1012"]
[BlackElo "1358"]
[PlyCount "154"]
[EventDate "2007.05.26"]
[EventType "swiss"]
[EventRounds "11"]
[EventCountry "GER"]
[SourceTitle "CBM 118 Extra"]
[Source "ChessBase"]
[SourceDate "2007.07.04"]
[SourceVersion "1"]
[SourceVersionDate "2007.07.04"]
[SourceQuality "1"]

1. e4 e5 2. Nf3 Nc6 3. Bc4 Nd4 4. c3 Nxf3+ 5. Qxf3 Qf6 6. Qxf6 Nxf6 7. d3 Bc5 8. 0-0 c6 9. h3 d5 10. exd5 cxd5 11. Bb3 Bf5 12. Re1 e4 13. Nd2 0-0 14. d4 Bb6 15. Nf1 h6 16. Ng3 Bg6 17. Bf4 Rad8 18. a4 a5 19. Nf1 Ba7 20. Bc7 Rc8 21. Bxa5 b6 22. Bb4 Rfe8 23. a5 Re6 24. axb6 Bxb6 25. Ne3 Rd8 26. Bc2 Rb8 27. Ba3 Bc7 28. b4 Rc6 29. Bb2 Bf4 30. g3 Bxe3 31. Rxe3 h5 32. Rb1 Bf5 33. Ba1 Bxh3 34. Bd1 Ra6 35. Be2 Ra2 36. b5 Bg4 37. Kf1 Bh3+ 38. Ke1 Ng4 39. Bxg4 Bxg4 40. b6 Kf8 41. Bb2 Ke8 42. Bc1 Ra6 43. c4 dxc4 44. Rxe4+ Kf8 45. d5 Bf5 46. Rxc4 Bxb1 47. d6 Bf5 48. Be3 Re8 49. Rc1 Rxb6 50. Rd1 Bg4 51. Kf1 Bxd1 52. Bxb6 Ba4 53. Bc5 Kg8 54. Kg2 Kh7 55. Kh3 Re5 56. Bb6 Kh6 57. f4 Re2 58. g4 hxg4+ 59. Kxg4 f5+ 60. Kf3 Bd1 61. Kg3 Rd2 62. Bc7 Kh5 63. Bb8 g5 64. fxg5 Kxg5 65. d7 Rxd7 66. Bf4+ Kh5 67. Kf2 Kg4 68. Bh2 f4 69. Bg1 Bb3 70. Kg2 f3+ 71. Kf1 Kg3 72. Bf2+ Kh3 73. Kg1 Bc4 74. Kh1 Rg7 75. Bg1 Bd5 76. Bf2 Bc6 77. Bd4 f2# 0-1

[Event "GER-ch U10"]
[Site "Willingen"]
[Date "2006.06.09"]
[Round "9"]
[White "Carmesin, Matthias"]
[Black "Bokemaer, David"]
[Result "1-0"]
[WhiteElo "1379"]
[BlackElo "1222"]
[PlyCount "85"]
[EventDate "2006.06.04"]
[EventType "swiss"]
[EventRounds "11"]
[EventCountry "GER"]
[SourceTitle "EXT 2007"]
[Source "ChessBase"]
[SourceDate "2006.11.23"]
[SourceVersion "1"]
[SourceVersionDate "2006.11.23"]
[SourceQuality "1"]

1. e4 e5 2. Nf3 Nc6 3. Bb5 a6 4. Ba4 Nf6 5. 0-0 b5 6. Bb3 Bc5 7. Re1 Bb7 8. c3 d6 9. d4 Bb6 10. d5 Ne7 11. a4 0-0 12. Nbd2 Ng6 13. Nf1 Ng4 14. Re2 Nh4 15. N1d2 Qf6 16. h3 Nh6 17. Nxh4 Qxh4 18. Nf3 Qf6 19. Qd3 c5 20. dxc6 Bxc6 21. Bg5 Qg6 22. Bd5 Bxd5 23. Qxd5 Rac8 24. Be7 Rfe8 25. Qxd6 Qxd6 26. Bxd6 f6 27. axb5 axb5 28. Rd1 Rcd8 29. Red2 Re6 30. Ba3 Rxd2 31. Rxd2 Nf7 32. Kf1 Nd8 33. Rd5 Nb7 34. Rxb5 Na5 35. Nd2 Bc7 36. Rd5 Nc6 37. Ke2 h6 38. f3 Kh7 39. Nf1 Kg6 40. Ne3 Kg5 41. Rd7 Bb6 42. Rxg7+ Kh4 43. Nf5+ 1-0

[Event "GER-ch U10"]
[Site "Willingen"]
[Date "2006.06.07"]
[Round "7"]
[White "Stahnecker, Ludwig"]
[Black "Bokemaer, David"]
[Result "1-0"]
[WhiteElo "1447"]
[BlackElo "1222"]
[PlyCount "43"]
[EventDate "2006.06.04"]
[EventType "swiss"]
[EventRounds "11"]
[EventCountry "GER"]
[SourceTitle "EXT 2007"]
[Source "ChessBase"]
[SourceDate "2006.11.23"]
[SourceVersion "1"]
[SourceVersionDate "2006.11.23"]
[SourceQuality "1"]

1. e4 e5 2. Nf3 Nc6 3. Bb5 a6 4. Ba4 Nf6 5. 0-0 b5 6. Bb3 Bc5 7. c3 d6 8. d4 Bb6 9. Bg5 Bg4 10. d5 Ne7 11. Nbd2 Qd7 12. a4 Rc8 13. c4 Ba5 14. Qb1 b4 15. c5 Nh5 16. Nc4 0-0 17. c6 Qe8 18. Nxa5 Kh8 19. Qd3 g6 20. Bd2 Rb8 21. h3 Bc8 22. Bc4 1-0

[Event "GER-ch U10"]
[Site "Willingen"]
[Date "2006.06.04"]
[Round "1"]
[White "Garbere, Diana"]
[Black "Bokemaer, David"]
[Result "0-1"]
[WhiteElo "769"]
[BlackElo "1222"]
[PlyCount "94"]
[EventDate "2006.06.04"]
[EventType "swiss"]
[EventRounds "11"]
[EventCountry "GER"]
[SourceTitle "EXT 2007"]
[Source "ChessBase"]
[SourceDate "2006.11.23"]
[SourceVersion "1"]
[SourceVersionDate "2006.11.23"]
[SourceQuality "1"]

1. e4 e5 2. Nf3 Nc6 3. Bc4 Nf6 4. Bb3 Nxe4 5. d3 Nc5 6. Bd5 Be7 7. Qe2 d6 8. Bg5 Bxg5 9. h4 Be7 10. Ng5 Bxg5 11. hxg5 Qxg5 12. Rh5 Qc1+ 13. Qd1 Qxd1+ 14. Kxd1 Bg4+ 15. f3 Bxh5 16. g4 Bg6 17. Nc3 0-0 18. Nb5 a6 19. Nxc7 Rac8 20. Bxc6 bxc6 21. b4 Nxd3 22. cxd3 Rxc7 23. a4 Bxd3 24. Ra3 e4 25. fxe4 Bxe4 26. Re3 Re8 27. g5 Bc2+ 28. Kd2 Rxe3 29. Kxe3 Bxa4 30. g6 fxg6 31. b5 cxb5 32. Ke4 Rc5 33. Kd4 Kf7 34. Ke4 Ke6 35. Kd4 Rc4+ 36. Kd3 Kd5 37. Ke3 Rh4 38. Kf3 Ke5 39. Kg3 Rb4 40. Kh3 Kf5 41. Kg3 Rc4 42. Kh3 Kg5 43. Kg2 Rc3 44. Kf1 Rc2 45. Ke1 Kf4 46. Kd1 Ke3 47. Ke1 Rc1# 0-1